00800nam a2200193 i 450000100060000000300090000600500170001500700030003200800410003510000220007624501090009826000510020730000210025850000880027950001060036760000620047371000380053585200330057364514ES-MaACL20251118191623.0t|031226s1948 sp ||||1| spa d1 aFont Puig, Pedro.10aFundamentación moral, según Balmes de la doctrina y de la reformas sociales / cpor Pedro Font Puig. aMadrid : b[s.n., c1948] (fAfrodisio Aguado) a13 p. ; c25 cm. aEs separata de: Revista Internacional de Sociología, nº 22-23, abril-septiembre. aPrecede al tit.: Consejo Superior de Investigaciones Científicas, Instituto Balmes de Sociología.14aBalmes, Jaime, d1810-1848-xCrítica e interpretación2 aInstituto Balmes de Sociología. aES-MaACLj1900-F-4 bR.28766